Normal view MARC view
  • Greely Relief Expedition

Entry Meeting Name

Number of records used in: 0

001 - CONTROL NUMBER

  • control field: 79571

003 - CONTROL NUMBER IDENTIFIER

  • control field: KE-NaSUL

005 - DATE AND TIME OF LATEST TRANSACTION

  • control field: 20250825170253.0

008 - FIXED-LENGTH DATA ELEMENTS

  • fixed length control field: 250825|| aca||aabn | a|a d

040 ## - CATALOGING SOURCE

  • Original cataloging agency: KE-NaSUL
  • Transcribing agency: KE-NaSUL

111 ## - HEADING--MEETING NAME

  • Meeting name or jurisdiction name as entry element: Greely Relief Expedition
  • Date of meeting: (1884)

670 ## - SOURCE DATA FOUND

  • Source citation: Work cat.: (KE-NaSUL)54172: Melville, George W. (George Wallace), 1841-1912. 79570, In the Lena Delta, 2001.

© Strathmore University Library
Madaraka Estate, Ole Sangale Road | P. O. Box 59857 - 00200 City Square, Nairobi, Kenya
(+254) (0)703 034 000/200/300 | (+254) (0)20-607498